| 000 | 00756cam a2200181 4500 | ||
|---|---|---|---|
| 001 | ##L134474 | ||
| 008 | 060808n 000 0 eng u | ||
| 035 | _a(Sirsi) u134474 | ||
| 041 | 0 | _aeng | |
| 050 | 0 | 4 | _a692.5023 $2 18 |
| 110 | 2 |
_aIncorporated Association of Architects and Surveyors _94913 |
|
| 245 | 0 | 4 | _aThe work of the professional quantity surveyor |
| 260 |
_a[S.l.] _b[s.n.] _c[1962?] (London _bW. P. Griffith and Sons) |
||
| 300 |
_a7p. _c22cm. |
||
| 520 | _aShort pamphlet explaining the work of quantity surveyors. Covers: historical background; pre-contract duties; post-contract duties; other duties; benefit to the building owner; appointment; and fees. | ||
| 690 | _aBUILT ENVIRONMENT-QUANTITY SURVEYING-QUANTITY SURVEYORS | ||
| 942 | _n0 | ||
| 999 |
_c105691 _d105691 |
||